| 000 | 00408nam a2200157Ia 4500 | ||
|---|---|---|---|
| 008 | 230312s9999||||xx |||||||||||||| ||und|| | ||
| 020 | _a0-07-463218-5 | ||
| 082 |
_a720.47 _bKRI-C |
||
| 100 | _aKrishan;Arvind | ||
| 245 | 0 | _aClimate Responsive Architecture | |
| 260 |
_bMcGraw Hill _aIndia _c2008 |
||
| 300 | _a409 | ||
| 546 | _aEng. | ||
| 650 |
_aArchitecture _vClimate Responsive Architecture |
||
| 942 | _cBK | ||
| 999 |
_c7362 _d7362 |
||